000 00707nam a22002177a 4500
999 _c504
_d504
003 AR-CdUCM
008 190223b ||||| |||| 00| 0 eng d
020 _a9978424938
040 _aMUNICIPALIDAD PROVINCIAL DEL CUSCO
_cBIBLIOTECA MUNICIPAL DEL CUSCO
082 _a801 /
_bM19
100 _aMaldonado A. Aurelio
_91959
245 _aBitácora de un peregrino /
260 _aEcuador :
_bImprenta Grafisum;
_c2002.
300 _a99 paginas ;
_c21 cm.
505 _aMadrid -- Cusco -- Florencia -- Cartagena -- Las vegas ...
650 _aMi alma navegante
_91960
650 _aSitios que han llorado
_91961
650 _aTras el velo de la muerte
_91962
942 _2ddc
_cLIBROS
945 _arum
_d2019-02-23